The cosmological milkshake: a semi-serious look at the size of things

Kaydedildi:
Detaylı Bibliyografya
Asıl Yazarlar: Ehrlich, Robert (Yazar), Ehrlich, Gary (Yazar)
Materyal Türü: Kitap
Dil:İngilizce
Baskı/Yayın Bilgisi: New Brunswick Rutgers University Press 1993
Edisyon:1a. ed
Konular:
Etiketler: Etiketle
Etiket eklenmemiş, İlk siz ekleyin!

MARC

LEADER 00000cam a2200000 a 4500
001 UCE3913
003 CL-VaPUC
008 141003e19930000us |||||||||||||||||eng|d
020 |a 0813520452 
020 |a 0813520460 
082 0 4 |a 530  |b EHR  |2 21 
100 0 |a Ehrlich, Robert  |e author  |9 576437 
700 0 |a Ehrlich, Gary  |e author  |9 576438 
245 1 4 |a The cosmological milkshake: a semi-serious look at the size of things 
250 |a 1a. ed 
300 |a 259 p 
942 |c BK 
945 |d 20141003 14:17:00  |a arojas 
260 |a New Brunswick  |b Rutgers University Press  |c 1993 
650 0 |a Física   |9 227844 
650 0 |a Astrofísica  |9 269137 
650 0 |a Estudio y enseñanza  |9 270395 
583 |a last modification  |c 20141003 14:17:00  |k Rodrigo Vera 
999 |c 357030  |d 357028